000 00340pab a2200145 454500
008 180718b1996 xxu||||| |||| 00| 0 eng d
100 _aSahay, K.B.
245 _aMalthusian crisis: need for population commission
260 _c1996
300 _ap.8
362 _a26 Apr
650 _aPopulation
773 _aStatesman
909 _a32423
999 _c32423
_d32423